000 01087nam a22002657a 4500
005 20150203121641.0
008 140714b xxu||||| |||| 00| 0 Urdu d
010 _aUR-8596 B-548309
020 _c150.00
035 _aU-7151 B-548309
037 _bBPPD/Publishers/Venders
037 _bDBAD/Pub.
037 _bStar Pub. (Vend.)/Arshia Pub.(Pub.)
040 _aDPL
_bUrdu
082 _a910.41
100 _aصبيحہ ا نو ر
245 _aد يکھا ہم نے ا ستنبو ل :سفر نا مے
_cصبيحہ ا نو ر
246 _aDekha Humney Istambol( Safarnama)
_bby Sabeeha Anwar
260 _bArshia Publictions
_bStar Publications.( Vender)
_c2013
260 _a4/5Asaf Ali Road,New Delhi-110002
270 _aA-170,Ground Floor, 3,Surya Apartment, Dilshad Colony,
_b دھلی
_e110095
_k9971775969
300 _a182+8ص
_c22Cm(Pb)
942 _2ddc
_cUR
_mص ب ی
_h910.41
999 _c87839
_d87839